Literature - World and Miscellaneous | 10 | 4 | 0 | 0 | 190 | 34 | 62.57 | 2 | 4 |
Literature - British | 6 | 6 | 0 | 0 | 150 | 45 | 74.92 | 0 | 2 |
Science - Chemistry | 5 | 7 | 0 | 0 | 145 | 26 | 70.58 | 1 | 3 |
Literature - European | 6 | 4 | 0 | 0 | 130 | 24 | 63.00 | 3 | 4 |
Fine Arts - Painting | 5 | 5 | 0 | 0 | 125 | 21 | 66.00 | 1 | 3 |
Science - Biology | 3 | 8 | 0 | 0 | 125 | 13 | 76.91 | 1 | 3 |
Fine Arts - Music | 3 | 8 | 0 | 0 | 125 | 50 | 88.45 | 0 | 1 |
Literature - American | 5 | 2 | 0 | 0 | 95 | 48 | 70.29 | 0 | 1 |
Science - Physics | 2 | 5 | 0 | 0 | 80 | 13 | 81.29 | 1 | 1 |
History - World | 3 | 1 | 0 | 0 | 55 | 29 | 53.75 | 0 | 0 |
Other - Other Academic and General Knowledge | 3 | 1 | 0 | 0 | 55 | 43 | 67.00 | 0 | 3 |
RMP - Philosophy | 1 | 3 | 0 | 0 | 45 | 68 | 86.50 | 0 | 0 |
RMP - World Mythology | 2 | 1 | 0 | 0 | 40 | 34 | 68.00 | 1 | 1 |
Science - Computer Science | 2 | 1 | 0 | 0 | 40 | 39 | 66.67 | 0 | 2 |
History - American | 0 | 4 | 0 | 0 | 40 | 70 | 94.25 | 0 | 0 |
History - Cross, Historiography, and Miscellaneous | 2 | 1 | 0 | 0 | 40 | 26 | 61.00 | 1 | 2 |
History - European | 2 | 1 | 0 | 0 | 40 | 39 | 65.33 | 1 | 2 |
RMP - Islam | 0 | 3 | 0 | 0 | 30 | 66 | 80.67 | 0 | 0 |
Fine Arts - Miscellaneous | 1 | 1 | 0 | 0 | 25 | 37 | 83.00 | 0 | 1 |
Science - Engineering and Miscellaneous | 1 | 1 | 0 | 0 | 25 | 50 | 56.50 | 1 | 1 |
Social Science - Other | 1 | 1 | 0 | 0 | 25 | 43 | 69.50 | 0 | 0 |
Social Science - Psychology | 0 | 2 | 0 | 0 | 20 | 86 | 102.50 | 0 | 1 |
Science - Astronomy | 0 | 2 | 0 | 0 | 20 | 106 | 106.50 | 0 | 0 |
RMP - Greco-Roman Mythology | 1 | 0 | 0 | 0 | 15 | 64 | 64.00 | 0 | 0 |
RMP - Buddhism | 1 | 0 | 0 | 0 | 15 | 30 | 30.00 | 1 | 1 |
Fine Arts - Jazz | 1 | 0 | 0 | 0 | 15 | 63 | 63.00 | 0 | 1 |
RMP - Hebrew Bible | 1 | 0 | 0 | 0 | 15 | 60 | 60.00 | 0 | 0 |
RMP - Hinduism | 1 | 0 | 0 | 0 | 15 | 57 | 57.00 | 0 | 1 |
Current Events - World | 0 | 1 | 0 | 0 | 10 | 75 | 75.00 | 0 | 0 |
Fine Arts - Opera | 0 | 1 | 0 | 0 | 10 | 89 | 89.00 | 0 | 0 |
Science - Earth | 0 | 1 | 0 | 0 | 10 | 115 | 115.00 | 0 | 0 |
Fine Arts - Film | 0 | 1 | 0 | 0 | 10 | 118 | 118.00 | 0 | 0 |
RMP - East Asian Religion | 0 | 1 | 0 | 0 | 10 | 82 | 82.00 | 0 | 0 |
RMP - Jewish Practice | 0 | 1 | 0 | 0 | 10 | 71 | 71.00 | 0 | 0 |
RMP - New Testament | 0 | 1 | 0 | 0 | 10 | 122 | 122.00 | 0 | 1 |
Geography - Europe | 0 | 1 | 0 | 0 | 10 | 69 | 69.00 | 0 | 0 |
Fine Arts - Sculpture | 0 | 1 | 0 | 0 | 10 | 84 | 84.00 | 0 | 0 |
Social Science - Linguistics | 0 | 1 | 0 | 0 | 10 | 126 | 126.00 | 0 | 0 |
Fine Arts - Architecture | 0 | 1 | 0 | 0 | 10 | 126 | 126.00 | 0 | 0 |
Social Science - Economics | 0 | 1 | 0 | 0 | 10 | 98 | 98.00 | 0 | 0 |
Fine Arts - Ballet/Dance | 0 | 0 | 0 | 0 | 0 | | 0.00 | 0 | 0 |
Fine Arts - Photography | 0 | 0 | 0 | 0 | 0 | | 0.00 | 0 | 0 |